Miasta na Białorusi czy w Rosji? - klikanie - Statystyki

Ogólne statystyki
  • Ten quiz został rozwiązany 61 razy
  • Średni wynik to 14 z 16
Statystyki odpowiedzi
Hint Odpowiedź % Poprawnych
Soczi Rosja
98%
Ufa Rosja
98%
Kazań Rosja
98%
Samara Rosja
96%
Woroneż Rosja
94%
Mińsk Białoruś
92%
Omsk Rosja
92%
Brześć Białoruś
90%
Homel Białoruś
87%
Saratów Rosja
87%
Witebsk Białoruś
85%
Mohylew Białoruś
83%
Borysów Białoruś
81%
Tiumeń Rosja
81%
Orsza Białoruś
75%
Lida Białoruś
71%
Nie znaleziono quizów pasujących do podanych kryteriów
Rozkład punktacji
Procent ludzi z każdym wynikiem
Percentyl według liczby udzielonych odpowiedzi
Twoja historia wyników
Nie rozwiązałeś tego quizu